00242nam a22000977a 4500082001500000100001800015245003400033260004200067300002100109650001400130 a540.14 MIT aMitchell ,A.D aBritish Chemical Nomenclature aLondonbEdward Arnold & Companyc1948 a156pbHard Cover aChemistry